| 000 | 00864cam a2200229 4500 | ||
|---|---|---|---|
| 001 | WB3618-23 | ||
| 008 | 000000n2000 000 0 eng u | ||
| 035 | _a(Sirsi) u105947 | ||
| 245 | _aLandslide decision | ||
| 260 | _c2000 | ||
| 490 |
_aEstates Gazette _v(0018) 6 May 2000, 151(1) |
||
| 520 | _aConsiders several cases, one being "Holbeck Hall Hotel Ltd v Scarborough BC" and the principle of duty of support, where the landowner whose land becomes hazardous through no fault of their own may be obligated to recitify the situation. | ||
| 590 | _aWB | ||
| 650 | _aRIGHT OF SUPPORT | ||
| 650 | _aDUTY OF CARE | ||
| 650 | _aLANDSLIPS | ||
| 650 | _aADJOINING PROPERTIES | ||
| 650 | _aLEAKEY V NATIONAL TRUST FOR PLACES OF HISTORIC INTEREST OR NATURAL BEAUTY | ||
| 650 | _aHOLBECK HALL HOTEL LTD V SCARBOROUGH BC | ||
| 690 | _aPROPERTY | ||
| 942 | _n0 | ||
| 999 |
_c63435 _d63435 |
||